Russko-anglo-francuzskij terminologičeskij slovar' po informacionnoj teorii i praktike /
| Další autoři: | Ždanova, G. S. |
|---|---|
| Jazyk: | Ruština Francouzština Angličtina |
| Vydáno: |
Moskva : Nauka, 1968 |
| Témata: | |
| Fyzický popis: |
239 s. ; 21 cm |
| LEADER | 01628nam a22004092a 4500 | ||
|---|---|---|---|
| 001 | 001317661 | ||
| 003 | CZ BrMZK | ||
| 005 | 20130813102447.0 | ||
| 007 | ta | ||
| 008 | 130813s1968 ru er|||||||||||rus d | ||
| 040 | |a ZLD002 |b cze |c ZLD002 |d ZLD002 |d BOA001 | ||
| 041 | 0 | |a rus |a eng |a fre | |
| 072 | 7 | |a 007 |x Teorie systémů. Automatické systémy. Informační systémy. Kybernetika |2 Konspekt |9 23 | |
| 072 | 7 | |a 81 |x Lingvistika. Jazyky |2 Konspekt |9 11 | |
| 080 | |a 007+004 |2 MRF | ||
| 080 | |a 81'373.46 |2 MRF | ||
| 080 | |a 811.161.1 |2 MRF | ||
| 080 | |a 811.111 |2 MRF | ||
| 080 | |a 811.133.1 |2 MRF | ||
| 080 | |a (038)81 |2 MRF | ||
| 245 | 0 | 0 | |a Russko-anglo-francuzskij terminologičeskij slovar' po informacionnoj teorii i praktike / |c G.S. Ždanova ... [et al.] |
| 260 | |a Moskva : |b Nauka, |c 1968 | ||
| 300 | |a 239 s. ; |c 21 cm | ||
| 504 | |a Obsahuje bibliografii | ||
| 505 | 0 | |a Abecední seznam termínů v ruštině doplněn výkladem hesla a anglickým a francouzským ekvivalentem. Obsahuje rejstřík termínů v angličtině a francouzštině | |
| 650 | 0 | 7 | |a informatika |7 ph137095 |2 czenas |
| 650 | 0 | 7 | |a oborová terminologie |7 ph138998 |2 czenas |
| 650 | 0 | 7 | |a ruština |7 ph125351 |2 czenas |
| 650 | 0 | 7 | |a angličtina |7 ph114056 |2 czenas |
| 650 | 0 | 7 | |a francouzština |7 ph135297 |2 czenas |
| 655 | 7 | |a vícejazyčné překladové slovníky |7 fd133852 |2 czenas | |
| 655 | 7 | |a terminologické slovníky |7 fd202538 |2 czenas | |
| 700 | 1 | |a Ždanova, G. S. |4 edt | |
| 910 | |a BOA001 |b 2-0624.281 | ||
| 990 | |a BK | ||
| 991 | |b 201308 | ||
| 996 | 7 | |b 2619682244 |c 2-0624.281 |l Sklad H1 |r Sklad / do 24 hodin |n 0 |h HS212 |w 001352735 |u 000010 |a 1 |e BOA001 |j MZK50 |s A | |
English
Čeština 